Normal view
MARC view
- Muhammad Younas
Entry Personal Name
001 - CONTROL NUMBER
- control field: 15524
003 - CONTROL NUMBER IDENTIFIER
- control field: NUST
005 - DATE AND TIME OF LATEST TRANSACTION
- control field: 20190625093420.0
008 - FIXED-LENGTH DATA ELEMENTS
- fixed length control field: 190625|| aca||aabn | a|a d
040 ## - CATALOGING SOURCE
- Original cataloging agency: NUST
- Transcribing agency: NUST
100 ## - HEADING--PERSONAL NAME
- Personal name: Muhammad Younas
670 ## - SOURCE DATA FOUND
- Source citation: Work cat.: (NUST): Muhammad Younas, Development of an Online Algorithm for detection of status of power transmission (disengaged Gear) for Electronic Stability Control (ESP/ABS), 2017.
